000 00423nam a2200205Ia 4500
001 003705
003 YMCAF
005 20230512160229.0
008 100717s1974 ||||||||||||||||| ||und|d
024 _a3705
035 _a3683
040 _aYMCAF
_beng
_cIN-KoLT
041 _aeng
082 _aCON-GUP
100 _aGUPTA, R.
245 0 _aCONTROL SYSTEM THEORY
260 _c1974
300 _a362
942 _2ddc
_cBK
999 _c2928
_d2928